[Event "Skalica op-A"]
[Site "Skalica"]
[Date "2022.08.26"]
[Round "7"]
[White "Haselbach, David"]
[Black "Saypuri, Srithan"]
[Result "1/2-1/2"]
[WhiteElo "2107"]
[BlackElo "2045"]
[PlyCount "53"]
[EventDate "2022.08.20"]
[EventType "swiss"]
[EventRounds "9"]
[EventCountry "SVK"]
[SourceTitle "CBM 209 Extra"]
[Source "ChessBase"]
[SourceDate "2022.09.30"]
[SourceVersion "1"]
[SourceVersionDate "2022.09.30"]
[SourceQuality "1"]

1. d4 Nf6 2. Nf3 g6 3. Bg5 Bg7 4. Nbd2 0-0 5. c3 d5 6. e3 Nbd7 7. Be2 b6 8. 0-0 Bb7 9. a4 h6 10. Bh4 a6 11. a5 b5 12. Ne1 c5 13. f4 Rc8 14. Nd3 cxd4 15. Bxf6 Nxf6 16. exd4 Qd6 17. Nb3 Ne4 18. Nbc5 Ba8 19. Kh1 Rfd8 20. Bf3 Rc7 21. Qe1 f5 22. b4 Rf8 23. g3 g5 24. Ne5 Bxe5 25. fxe5 Qg6 26. Ra2 h5 27. Rg2 1/2-1/2

[Event "Zalakaros Barczay Memorial"]
[Site "Zalakaros"]
[Date "2022.06.07"]
[Round "3"]
[White "Haselbach, David"]
[Black "Ianov, Viktor"]
[Result "1-0"]
[WhiteElo "2116"]
[BlackElo "2279"]
[PlyCount "83"]
[EventDate "2022.06.05"]
[EventType "swiss"]
[EventRounds "9"]
[EventCountry "HUN"]
[SourceTitle "CBM 208 Extra"]
[Source "ChessBase"]
[SourceDate "2022.07.31"]
[SourceVersion "1"]
[SourceVersionDate "2022.07.31"]
[SourceQuality "1"]

1. c4 c5 2. Nc3 g6 3. g3 Bg7 4. Bg2 Nc6 5. e4 d6 6. Nge2 Qd7 7. d3 b6 8. Be3 Bb7 9. 0-0 Nf6 10. h3 0-0 11. Qd2 Rac8 12. Rab1 Rfd8 13. a3 Ne8 14. b4 Nc7 15. f4 Ne6 16. b5 Ncd4 17. g4 f5 18. Ng3 Rf8 19. Kh2 Rf7 20. Nd5 Rcf8 21. a4 Nd8 22. Bxd4 Bxd4 23. exf5 e6 24. fxe6 Nxe6 25. Rbe1 Kh8 26. f5 gxf5 27. gxf5 Ng7 28. f6 Bxf6 29. Nxf6 Rxf6 30. Rxf6 Rxf6 31. Bxb7 Qxb7 32. Ne4 Rg6 33. Qf4 Nh5 34. Qf5 Nf6 35. Ng5 d5 36. Re8+ Kg7 37. Ne6+ Kh6 38. Qf4+ Kh5 39. Qf3+ Kh6 40. Qe3+ Kh5 41. Nf4+ Kh6 42. Nxd5+ 1-0

[Event "HUN-chT U18"]
[Site "Zalakaros"]
[Date "2018.07.28"]
[Round "6.6"]
[White "Haselbach, David"]
[Black "Krstulovic, Alex"]
[Result "0-1"]
[WhiteElo "1977"]
[BlackElo "2289"]
[PlyCount "94"]
[EventDate "2018.07.26"]
[EventType "team-swiss"]
[EventRounds "7"]
[EventCountry "HUN"]
[SourceTitle "CBM 185 Extra"]
[Source "ChessBase"]
[SourceDate "2018.07.29"]
[SourceVersion "1"]
[SourceVersionDate "2018.07.29"]
[SourceQuality "1"]
[WhiteTeam "Aquaprofit"]
[BlackTeam "Atomeromu"]
[WhiteTeamCountry "HUN"]
[BlackTeamCountry "HUN"]

1. e4 e5 2. Nf3 Nc6 3. Nc3 Nf6 4. Be2 d5 5. exd5 Nxd5 6. 0-0 Nxc3 7. bxc3 Bd6 8. d4 exd4 9. cxd4 0-0 10. Bg5 Be7 11. Be3 Bf5 12. Rb1 Nb4 13. Rb2 b6 14. c4 c5 15. a3 Na6 16. d5 Bd6 17. Qd2 Qc7 18. h3 Rae8 19. Bd3 Qc8 20. Qc2 Bg6 21. Bxg6 hxg6 22. Re1 Re7 23. Qd3 Rfe8 24. Rbe2 Nc7 25. Bd2 Rxe2 26. Rxe2 Rxe2 27. Qxe2 Qa6 28. Bc1 Qa4 29. Ng5 Qb3 30. Ne4 Qb1 31. Nxd6 Qxc1+ 32. Qf1 Qxa3 33. Qe1 f6 34. g3 b5 35. Qe7 Qa5 36. cxb5 Kh7 37. Nf7 Nxd5 38. Qe8 g5 39. g4 Nf4 40. Qe4+ Kg8 41. Qe8+ Kh7 42. Qe4+ Ng6 43. h4 Qa1+ 44. Kh2 Qa2 45. Nxg5+ fxg5 46. h5 Qxf2+ 47. Kh3 Qf1+ 0-1

[Event "HUN-ch U18"]
[Site "Balatonlelle"]
[Date "2018.06.26"]
[Round "7"]
[White "Haselbach, David"]
[Black "Balogh, Akos1111"]
[Result "1/2-1/2"]
[WhiteElo "1990"]
[BlackElo "1982"]
[PlyCount "102"]
[EventDate "2018.06.21"]
[EventType "swiss"]
[EventRounds "9"]
[EventCountry "HUN"]
[SourceTitle "EXT 2019"]
[Source "ChessBase"]
[SourceDate "2018.10.10"]
[SourceVersion "1"]
[SourceVersionDate "2018.10.10"]
[SourceQuality "1"]

1. e4 c5 2. Nf3 e6 3. g3 Nc6 4. Bg2 g6 5. 0-0 Bg7 6. c3 d5 7. d3 dxe4 8. dxe4 Qxd1 9. Rxd1 Nf6 10. Ne1 0-0 11. Be3 b6 12. Na3 Ba6 13. f3 Rfd8 14. Bf1 Bxf1 15. Kxf1 Ne5 16. Ke2 a6 17. Bf4 Ne8 18. Bxe5 Bxe5 19. Nc4 Bc7 20. a4 Nf6 21. Nd3 Nd7 22. Nf2 Ne5 23. Nxe5 Bxe5 24. Ng4 Bc7 25. e5 h5 26. Nf6+ Kf8 27. f4 Ke7 28. Ne4 Rd5 29. Nf6 Rxd1 30. Rxd1 Rd8 31. Rxd8 Bxd8 32. Kd3 Kf8 33. Ne4 Be7 34. Kc4 Ke8 35. b4 cxb4 36. cxb4 Kd7 37. h4 Kc7 38. Nc3 Kb7 39. Ne2 Kc7 40. Nd4 Kd7 41. b5 a5 42. Ne2 Bc5 43. Kd3 Ke7 44. Nc3 Bb4 45. Ne4 Kd7 46. Ke3 Be7 47. Kf3 Ke8 48. Nd2 Kd7 49. Nc4 Kc7 50. Nb2 Kd7 51. Nd3 f5 1/2-1/2

[Event "HUN-chT U18"]
[Site "Hajduboszormeny"]
[Date "2016.11.05"]
[Round "7.16"]
[White "Haselbach, David"]
[Black "Fodor, Balazs"]
[Result "1/2-1/2"]
[WhiteElo "1946"]
[BlackElo "2111"]
[PlyCount "74"]
[EventDate "2016.11.02"]
[EventType "team-swiss"]
[EventRounds "8"]
[EventCountry "HUN"]
[SourceTitle "CBM 175 Extra"]
[Source "ChessBase"]
[SourceDate "2016.12.12"]
[SourceVersion "1"]
[SourceVersionDate "2016.12.12"]
[SourceQuality "1"]

1. e4 d5 2. exd5 Qxd5 3. Nf3 Nf6 4. d4 Bg4 5. Be2 e6 6. h3 Bh5 7. 0-0 c6 8. c4 Qd8 9. Nc3 Be7 10. Be3 0-0 11. Qb3 Qc7 12. Rac1 Nbd7 13. Rfd1 Rfd8 14. Ne1 Bg6 15. Bd3 b6 16. Bxg6 hxg6 17. Nd3 Bd6 18. d5 exd5 19. cxd5 cxd5 20. Nxd5 Qb7 21. Nxf6+ Nxf6 22. Bg5 Qe4 23. Ne1 Qe5 24. Nf3 Qf5 25. Be3 Ne4 26. Nd4 Qe5 27. Nf3 Qh5 28. Rd4 Nc5 29. Qd1 Be7 30. Qe2 Ne6 31. Rxd8+ Bxd8 32. Nd4 Qxe2 33. Nxe2 Bf6 34. b3 Rd8 35. g3 g5 36. Kg2 Kh7 37. Rc4 Be5 1/2-1/2

[Event "HUN-chT U18"]
[Site "Hajduboszormeny"]
[Date "2016.11.05"]
[Round "6.10"]
[White "Urhegyi, Marton"]
[Black "Haselbach, David"]
[Result "1/2-1/2"]
[WhiteElo "2234"]
[BlackElo "1946"]
[PlyCount "46"]
[EventDate "2016.11.02"]
[EventType "team-swiss"]
[EventRounds "8"]
[EventCountry "HUN"]
[SourceTitle "CBM 175 Extra"]
[Source "ChessBase"]
[SourceDate "2016.12.12"]
[SourceVersion "1"]
[SourceVersionDate "2016.12.12"]
[SourceQuality "1"]

1. e4 c5 2. Nf3 Nc6 3. d4 cxd4 4. Nxd4 Qb6 5. Nb3 Nf6 6. Bd3 e6 7. 0-0 d6 8. Nc3 a6 9. Bf4 Be7 10. Qf3 0-0 11. Be2 Qc7 12. Qg3 b5 13. a3 Bb7 14. Bh6 Ne8 15. Rad1 Kh8 16. Bc1 Nf6 17. Bd3 Rac8 18. f4 b4 19. axb4 Nxb4 20. f5 Nxd3 21. Qxd3 Ng4 22. h3 Ne5 23. Qd4 Nc6 1/2-1/2

[Event "HUN-chT2 Charousek 1516"]
[Site "Hungary"]
[Date "2015.11.08"]
[Round "2.11"]
[White "Haselbach, David"]
[Black "Kiraly, Ferenc1111"]
[Result "1/2-1/2"]
[WhiteElo "2072"]
[BlackElo "1803"]
[PlyCount "119"]
[EventDate "2015.10.18"]
[EventType "team-tourn"]
[EventRounds "9"]
[EventCountry "HUN"]
[SourceTitle "CBM 170 Extra"]
[Source "ChessBase"]
[SourceDate "2016.02.25"]
[SourceVersion "1"]
[SourceVersionDate "2016.02.25"]
[SourceQuality "1"]
[WhiteTeam "Aquaprofit II"]
[BlackTeam "SZASTE"]
[WhiteTeamCountry "HUN"]
[BlackTeamCountry "HUN"]

1. e4 e5 2. Nf3 d6 3. d4 exd4 4. Qxd4 Nc6 5. Bb5 Bd7 6. Bxc6 bxc6 7. Nc3 Nf6 8. e5 dxe5 9. Qxe5+ Qe7 10. Bf4 Qxe5+ 11. Bxe5 Nd5 12. Nxd5 cxd5 13. 0-0-0 c6 14. Rhe1 Be6 15. Nd4 Kd7 16. Nxe6 fxe6 17. g3 Rg8 18. Rd3 Bd6 19. f4 Bxe5 20. Rxe5 g6 21. h4 Rgf8 22. Kd2 Rf5 23. Rb3 Kd6 24. Ree3 Re8 25. Rb7 Re7 26. Rxe7 Kxe7 27. Ra3 e5 28. fxe5 Ke6 29. Rxa7 Rf2+ 30. Kd1 Rg2 31. Rxh7 Kxe5 32. a4 Kd4 33. Re7 Rg1+ 34. Kd2 Rg2+ 35. Re2 Rxg3 36. c3+ Kc5 37. Kc2 Rh3 38. Rg2 Rxh4 39. b3 Rh6 40. b4+ Kb6 41. Rg3 Rh2+ 42. Kd3 Rh6 43. Kd4 Rh4+ 44. Kd3 Rh6 45. Rg4 Ka6 46. c4 dxc4+ 47. Kxc4 Kb6 48. a5+ Kc7 49. Kd4 Kd6 50. Kc4 Kc7 51. Rg5 Rh4+ 52. Kb3 Rh6 53. Rg4 Kb7 54. Ka3 Kc7 55. Ka4 Kb7 56. Rg5 Kc7 57. Rg4 Kb7 58. Rf4 Rh7 59. Rf6 Rg7 60. Rf4 1/2-1/2

[Event "HUN-ch U16"]
[Site "Balatonlelle"]
[Date "2015.06.20"]
[Round "3"]
[White "Czupor, Attila"]
[Black "Haselbach, David"]
[Result "1/2-1/2"]
[WhiteElo "2173"]
[BlackElo "1955"]
[PlyCount "58"]
[EventDate "2015.06.18"]
[EventType "swiss"]
[EventRounds "7"]
[EventCountry "HUN"]
[SourceTitle "CBM 167 Extra"]
[Source "ChessBase"]
[SourceDate "2015.09.14"]
[SourceVersion "1"]
[SourceVersionDate "2015.09.14"]
[SourceQuality "1"]

1. e4 c5 2. Nf3 d6 3. d4 cxd4 4. Nxd4 Nf6 5. Nc3 g6 6. Be3 Bg7 7. f3 0-0 8. Qd2 Nc6 9. 0-0-0 d5 10. Kb1 Nxd4 11. e5 Nf5 12. exf6 exf6 13. Bc5 d4 14. Bxf8 Qxf8 15. Ne4 Ne3 16. Re1 f5 17. Nf2 Be6 18. Rxe3 dxe3 19. Qxe3 Qb4 20. Nd3 Qa4 21. Nc1 Rc8 22. Bd3 Re8 23. Qd2 Qd4 24. c3 Qb6 25. Re1 Rc8 26. Ka1 Qa5 27. Kb1 Qb6 28. Ka1 Qa5 29. Kb1 Qb6 1/2-1/2

[Event "HUN-chT2 Charousek 1415"]
[Site "Hungary"]
[Date "2014.11.16"]
[Round "2"]
[White "Boronyak, Arpad"]
[Black "Haselbach, David"]
[Result "1-0"]
[WhiteElo "2215"]
[BlackElo "1823"]
[PlyCount "59"]
[EventDate "2014.10.12"]
[EventType "team-tourn"]
[EventRounds "9"]
[EventCountry "HUN"]
[SourceTitle "EXT 2016"]
[Source "ChessBase"]
[SourceDate "2015.10.08"]
[SourceVersion "1"]
[SourceVersionDate "2015.10.08"]
[SourceQuality "1"]
[WhiteTeam "Csuti"]
[BlackTeam "Aquaprofit II"]
[WhiteTeamCountry "HUN"]
[BlackTeamCountry "HUN"]

1. e4 c5 2. Nc3 Nc6 3. f4 g6 4. Nf3 Bg7 5. Bc4 e6 6. 0-0 Nge7 7. Qe1 0-0 8. d3 d5 9. Bb3 Nd4 10. Nxd4 cxd4 11. Ne2 dxe4 12. dxe4 b6 13. Bc4 Bb7 14. Bd3 Rc8 15. Ng3 f5 16. Bd2 fxe4 17. Nxe4 Bxe4 18. Qxe4 Qd5 19. Rae1 Qxe4 20. Rxe4 Rc6 21. Rfe1 Nd5 22. g3 Re8 23. Bb5 Rxc2 24. Bxe8 Rxd2 25. Bd7 Ne3 26. Bxe6+ Kf8 27. Rc1 Nc2 28. Bc4 Ne3 29. Bb3 Bf6 30. Rc7 1-0

[Event "HUN-ch U14"]
[Site "Balatonlelle"]
[Date "2014.06.23"]
[Round "4"]
[White "Horvath, Balazs1111"]
[Black "Haselbach, David"]
[Result "1-0"]
[WhiteElo "1836"]
[BlackElo "1742"]
[PlyCount "197"]
[EventDate "2014.06.20"]
[EventType "swiss"]
[EventRounds "9"]
[EventCountry "HUN"]
[SourceTitle "EXT 2024"]
[Source "ChessBase"]
[SourceDate "2023.10.10"]
[SourceVersion "1"]
[SourceVersionDate "2023.10.10"]
[SourceQuality "1"]

1. e4 c5 2. Nf3 d6 3. d4 cxd4 4. Nxd4 Nf6 5. Nc3 g6 6. Be3 Bg7 7. f3 0-0 8. Qd2 Nc6 9. 0-0-0 d5 10. Nxc6 bxc6 11. exd5 Nxd5 12. Nxd5 cxd5 13. Qxd5 Qc7 14. Qc5 Qb7 15. Bd4 Bf5 16. Bd3 Rfc8 17. Qa3 Bxd4 18. Bxf5 Bxb2+ 19. Qxb2 Qxb2+ 20. Kxb2 gxf5 21. Rd7 e6 22. Rhd1 a5 23. Rb7 Rd8 24. Rdd7 Rxd7 25. Rxd7 Rc8 26. Rd3 Kg7 27. Rc3 Rb8+ 28. Ka3 Rd8 29. Rd3 Rb8 30. c3 Kf6 31. f4 h5 32. g3 Ke7 33. Rd2 Rb5 34. Ka4 Rc5 35. Kb3 f6 36. c4 e5 37. Kc3 e4 38. Rb2 Rc6 39. Rb5 Rd6 40. Rxf5 e3 41. Rd5 Rxd5 42. cxd5 Kd6 43. Kd3 Kxd5 44. Kxe3 f5 45. Kd3 Kc5 46. Kc3 Kb5 47. Kd4 Kb4 48. Ke5 Ka3 49. Kxf5 Kxa2 50. Kg5 Kb3 51. f5 a4 52. f6 a3 53. f7 a2 54. f8Q a1Q 55. Qf2 Kb4 56. Qf4+ Kb3 57. Qe3+ Kb4 58. Qd2+ Kb3 59. Kxh5 Qe5+ 60. Kg4 Qe4+ 61. Qf4 Qe6+ 62. Kf3 Qd5+ 63. Kf2 Ka2 64. Qf3 Qc5+ 65. Kg2 Qc2+ 66. Qf2 Ka1 67. h4 Qe4+ 68. Kh2 Qc2 69. Qg2 Qf5 70. Qg1+ Kb2 71. g4 Qf6 72. Kh3 Ka3 73. Qg2 Ka4 74. h5 Qg5 75. Qe4+ Ka3 76. Qf5 Qe3+ 77. Kh4 Qe1+ 78. Kg5 Qe7+ 79. Kh6 Qd6+ 80. Kh7 Qc7+ 81. Kg6 Qd6+ 82. Qf6 Qd3+ 83. Kh6 Qd2+ 84. g5 Ka4 85. Kg7 Qd7+ 86. Qf7 Qg4 87. Kh6 Qd4 88. g6 Qh8+ 89. Qh7 Qf6 90. Qg7 Qf5 91. Qf7 Qe5 92. g7 Qe3+ 93. Kh7 Qe4+ 94. Qg6 Qe7 95. Qc2+ Kb5 96. Qb2+ Kc6 97. h6 Qf7 98. Kh8 Qg6 99. h7 1-0